|
|
|
|
| LEADER |
01027cam a22002891 4500 |
| 001 |
c000224297 |
| 003 |
CARM |
| 005 |
20061009123532.0 |
| 008 |
800729s1945 enka b 000 0 eng |
| 010 |
|
|
|a 47015027
|
| 019 |
1 |
|
|a 25487664
|z 42738073
|z 27844426
|z 8926174
|5 LACONCORD2021
|
| 035 |
|
|
|a (OCoLC)6564198
|5 LACONCORD2021
|
| 040 |
|
|
|a DLC
|b eng
|c AzTeS
|d DLC
|
| 042 |
|
|
|a premarc
|
| 050 |
0 |
0 |
|a QD553
|b .G6 1945
|
| 100 |
1 |
|
|a Glasstone, Samuel,
|d 1897-1955
|
| 245 |
1 |
4 |
|a The electrochemistry of solutions /
|c by S. Glasstone ... with 39 diagrams.
|
| 250 |
|
|
|a 3d ed.
|
| 260 |
|
|
|a London :
|b Methuen,
|c 1945.
|
| 300 |
|
|
|a xi, 551, [1] p. :
|b ill. ;
|c 23 cm.
|
| 504 |
|
|
|a Bibliographical footnotes.
|
| 650 |
|
0 |
|a Electrochemistry
|
| 650 |
|
0 |
|a Solution (Chemistry)
|
| 852 |
8 |
|
|b CARM
|h A2:AP26A0
|i B06694
|p 0315623
|f BK
|
| 082 |
0 |
4 |
|a 541/.37
|
| 999 |
f |
f |
|i ed8e400f-4344-58ee-8e2f-3940ecbb2135
|s d5e6a252-a9cc-505c-9eb7-b426ec4b1731
|
| 952 |
f |
f |
|p Can circulate
|a CAVAL
|b CAVAL
|c CAVAL
|d CARM 1 Store
|e B06694
|f A2:AP26A0
|h Other scheme
|i book
|m 0315623
|